00301nam a22000977a 4500008004100000082001300041110003000054245007100084260002900155300001900184230620b xxu||||| |||| 00| 0 eng d a324bCOM bCommonwealth Secretyariat aGood Commonwealth Electoral PracticebA working Document June 1997 bCommonwealth Secretariat avarious paging